Gái khôn không bao giờ sợ ế
Gardado en:
| Autor Principal: | |
|---|---|
| Outros autores: | |
| Formato: | Libro |
| Idioma: | Vietnamese |
| Publicado: |
Hà Nội
Lao động - xã hội
2015
|
| Những chủ đề: | |
| Các nhãn: |
Engadir etiqueta
Sen Etiquetas, Sexa o primeiro en etiquetar este rexistro!
|
| Thư viện lưu trữ: | Trung tâm Học liệu Lê Vũ Hùng, Trường Đại học Đồng Tháp |
|---|
| LEADER | 00797pam a22002538a 4500 | ||
|---|---|---|---|
| 001 | 00041083 | ||
| 005 | 20180319130351.0 | ||
| 008 | 121122s2009 ||||||viesd | ||
| 020 | # | # | |a 976 604 59 0412 8 |c 59000 |
| 041 | 0 | # | |a vie |
| 082 | 1 | 4 | |a 158.1 |b G103KH |
| 100 | 1 | # | |a Forleo, Marie |
| 245 | 0 | 0 | |a Gái khôn không bao giờ sợ ế |c Marie Forleo; Phương Anh dịch |
| 260 | # | # | |a Hà Nội |b Lao động - xã hội |c 2015 |
| 300 | # | # | |c 21 cm |a 203tr. |
| 653 | # | # | |a Hạnh Phúc |
| 653 | # | # | |a tâm lí học |
| 653 | # | # | |a phụ nữ |
| 653 | # | # | |a Hẹn hò |
| 653 | # | # | |a Kỹ năng sống |
| 700 | 1 | # | |a Phương Anh |e Dịch |
| 852 | # | # | |j KD.0023076 |
| 910 | |d 19/03/2018 | ||
| 980 | # | # | |a Trung tâm Học liệu Lê Vũ Hùng, Trường Đại học Đồng Tháp |